[Event "Kingston Chan Memorial op"]
[Site "Kingston"]
[Date "2017.09.24"]
[Round "5"]
[White "Campbell, Kevron"]
[Black "Barrett, Leighton"]
[Result "1-0"]
[WhiteElo "1881"]
[BlackElo "1650"]
[PlyCount "79"]
[EventDate "2017.09.21"]
[EventType "swiss"]
[EventRounds "6"]
[EventCountry "JAM"]
[SourceTitle "EXT 2020"]
[Source "ChessBase"]
[SourceDate "2019.10.17"]
[SourceVersion "1"]
[SourceVersionDate "2019.10.17"]
[SourceQuality "1"]

1. d4 d5 2. c4 e6 3. cxd5 exd5 4. Nc3 Be6 5. Qb3 b6 6. Nf3 Nf6 7. Bg5 Be7 8. e3 0-0 9. Bd3 c5 10. Qc2 c4 11. Bf5 Bxf5 12. Qxf5 Qd7 13. Qxd7 Nbxd7 14. Ne5 Bb4 15. Nxd7 Bxc3+ 16. bxc3 Nxd7 17. Kd2 h6 18. Bf4 Nf6 19. f3 Rfe8 20. Rab1 Re6 21. Rb2 Rae8 22. Re1 Nh5 23. Be5 f6 24. Bc7 R8e7 25. Bb8 g5 26. g4 Ng7 27. Rb5 Rd7 28. a4 Re8 29. Bg3 f5 30. gxf5 Nxf5 31. e4 Nxg3 32. hxg3 dxe4 33. fxe4 Rf7 34. Rf5 Rxf5 35. exf5 Rxe1 36. Kxe1 Kf7 37. d5 Kf6 38. d6 Kf7 39. g4 Ke8 40. f6 1-0

[Event "Kingston President's Inv"]
[Site "Kingston"]
[Date "2015.04.19"]
[Round "6"]
[White "Campbell, Kevron"]
[Black "Blackwood, Ryan"]
[Result "0-1"]
[WhiteElo "1842"]
[BlackElo "1978"]
[PlyCount "94"]
[EventDate "2015.04.15"]
[EventType "tourn"]
[EventRounds "11"]
[EventCountry "JAM"]
[SourceTitle "CBM 166 Extra"]
[Source "ChessBase"]
[SourceDate "2015.06.18"]
[SourceVersion "1"]
[SourceVersionDate "2015.06.18"]
[SourceQuality "1"]

1. d4 Nf6 2. c4 e5 3. dxe5 Ng4 4. Bf4 Nc6 5. Nf3 Bb4+ 6. Nbd2 Qe7 7. e3 Ngxe5 8. Nxe5 Nxe5 9. Be2 b6 10. 0-0 Bxd2 11. Qxd2 Bb7 12. Qd4 d6 13. Rad1 0-0 14. Bxe5 dxe5 15. Qd7 Qg5 16. Qg4 Qxg4 17. Bxg4 Rad8 18. Rxd8 Rxd8 19. Rd1 Rxd1+ 20. Bxd1 Kf8 21. Bf3 Bxf3 22. gxf3 Ke7 23. Kg2 Kd6 24. b4 a5 25. a3 a4 26. e4 c6 27. Kg3 Ke6 28. f4 h6 29. f5+ Kf6 30. h4 g6 31. fxg6 fxg6 32. f3 Ke6 33. Kg4 Kf6 34. Kg3 Kg7 35. Kg4 Kf7 36. Kg3 Kf6 37. Kg4 h5+ 38. Kg3 g5 39. Kh3 gxh4 40. Kxh4 Kg6 41. c5 b5 42. Kh3 Kg5 43. Kg3 h4+ 44. Kh3 Kf4 45. Kxh4 Kxf3 46. Kg5 Kxe4 47. Kf6 Kd5 0-1

[Event "Kingston President's Inv"]
[Site "Kingston"]
[Date "2015.04.15"]
[Round "1"]
[White "Campbell, Kevron"]
[Black "Asher, Miguel"]
[Result "0-1"]
[WhiteElo "1842"]
[BlackElo "1893"]
[PlyCount "76"]
[EventDate "2015.04.15"]
[EventType "tourn"]
[EventRounds "11"]
[EventCountry "JAM"]
[SourceTitle "CBM 166 Extra"]
[Source "ChessBase"]
[SourceDate "2015.06.18"]
[SourceVersion "1"]
[SourceVersionDate "2015.06.18"]
[SourceQuality "1"]

1. d4 Nf6 2. c4 g6 3. Nc3 d5 4. Bf4 Bg7 5. e3 0-0 6. Rc1 c5 7. dxc5 Qa5 8. cxd5 Ne4 9. Qc2 Bf5 10. Bd3 Nxc3 11. bxc3 Bxd3 12. Qxd3 Qxc5 13. Ne2 Rd8 14. c4 Na6 15. 0-0 Nb4 16. Qb3 e5 17. Bg5 Rd7 18. e4 b6 19. Be3 Qe7 20. c5 Na6 21. cxb6 Rb7 22. Qb5 axb6 23. Rc4 Nc5 24. Nc3 Bf8 25. Rb1 Rab8 26. Na4 f5 27. f3 f4 28. Bf2 Nd3 29. Bxb6 Qh4 30. Qc6 Bc5+ 31. Rxc5 Qf2+ 32. Kh1 Ne1 33. Qe6+ Kg7 34. Rc7+ Rxc7 35. Bxf2 Rxb1 36. Qxe5+ Kg8 37. Bg1 Nd3 38. h3 Nxe5 0-1

[Event "JAM-ch"]
[Site "Kingston"]
[Date "2015.01.17"]
[Round "1"]
[White "Wilkinson, Ian"]
[Black "Campbell, Kevron"]
[Result "0-1"]
[WhiteElo "1889"]
[BlackElo "1841"]
[PlyCount "126"]
[EventDate "2015.01.17"]
[EventType "tourn"]
[EventRounds "11"]
[EventCountry "JAM"]
[SourceTitle "CBM 164 Extra"]
[Source "ChessBase"]
[SourceDate "2015.03.02"]
[SourceVersion "1"]
[SourceVersionDate "2015.03.02"]
[SourceQuality "1"]

1. e4 c5 2. Nf3 Nc6 3. d4 cxd4 4. Nxd4 e6 5. Nc3 a6 6. Be2 Qc7 7. 0-0 b5 8. a3 Bb7 9. Be3 Nf6 10. Kh1 Be7 11. f4 Rc8 12. e5 Nxd4 13. Qxd4 Nd5 14. Nxd5 Bxd5 15. c3 Bc4 16. Bxc4 Qxc4 17. Qa7 Qc6 18. Rad1 Ra8 19. Qd4 Rd8 20. Rd3 0-0 21. Rfd1 d5 22. exd6 Rxd6 23. Qa7 Rxd3 24. Rxd3 Qe4 25. Qd4 Qxd4 26. Rxd4 Rd8 27. Kg1 f6 28. Kf2 Kf7 29. Rxd8 Bxd8 30. Bd4 Bc7 31. Kf3 e5 32. Be3 Ke6 33. fxe5 Bxe5 34. Bf4 Kd5 35. Bxe5 fxe5 36. b3 a5 37. Ke3 a4 38. bxa4 bxa4 39. Kd3 e4+ 40. Ke3 Kc4 41. Kxe4 Kxc3 42. Ke3 Kb3 43. Kd3 Kxa3 44. Kc3 g5 45. g4 h6 46. h3 Ka2 47. Kc2 a3 48. Kc1 Kb3 49. Kb1 Kc3 50. Ka2 Kd3 51. Kxa3 Ke3 52. Kb3 Kf3 53. Kc3 Kg3 54. Kd3 Kxh3 55. Ke3 Kxg4 56. Kf2 Kf4 57. Kg2 h5 58. Kf2 h4 59. Kg2 g4 60. Kf2 h3 61. Kg1 Kf3 62. Kh2 g3+ 63. Kxh3 Kf2 0-1